header

The Mysterious Moonstone. (Record no. 263393)

MARC details
000 -LEADER
fixed length control field 00279nam a22001217a 4500
020 ## - INTERNATIONAL STANDARD BOOK NUMBER
ISBN 9780545822046
100 ## - MAIN ENTRY--AUTHOR NAME
Personal name Erick Luper
245 ## - TITLE STATEMENT
Title The Mysterious Moonstone.
260 ## - PUBLICATION, DISTRIBUTION, ETC. (IMPRINT)
Place of publication New York
Name of publisher Scholastic Inc
Year of publication 2016
300 ## - PHYSICAL DESCRIPTION
Number of Pages 111pgs
Other physical details ill
490 ## - SERIES STATEMENT
Series statement Key Hunters
942 ## - ADDED ENTRY ELEMENTS (KOHA)
Koha item type Long Loan Books
Holdings
Withdrawn status Lost status Collection code Home library Current library Shelving location Date acquired Accession Number Koha item type
    Fiction Rongo University Library Rongo University Library Children's Area 18/03/2024 CL20221923 Long Loan Books

© 2026 Rongo University
Contact us: librarian | system librarian | Rongo university